00420nam a2200133 a 450000100100000000500170001000800410002704000250006810000270009324500550012026000490017530000340022450400280025800002785020200930031139.0110405s1981 dr ac 000 0 spa d aDO-SdBNPbspacBNPHU1 aPadilla, Napoleón S.10aCultivo del tabaco negro /cNapoleón S. Padilla. aSanto Domingo :bIntituto del tabaco,c1981. a69 p. :bil., retr. ;c27 cm. aBibliografía : p. 69.